Miracle foods for kids : (Record no. 300638)
[ view plain ]
| 000 -LEADER | |
|---|---|
| fixed length control field | 00629nam a2200217Ia 4500 |
| 008 - FIXED-LENGTH DATA ELEMENTS--GENERAL INFORMATION | |
| fixed length control field | 160819s9999 xx 000 0 und d |
| 020 ## - INTERNATIONAL STANDARD BOOK NUMBER | |
| International Standard Book Number | 978-0-600-61455-5 |
| 050 ## - LIBRARY OF CONGRESS CALL NUMBER | |
| Classification number | CUL RM 219 |
| 050 ## - LIBRARY OF CONGRESS CALL NUMBER | |
| Item number | .K45 2006 |
| 100 ## - MAIN ENTRY--PERSONAL NAME | |
| Personal name | Kellow, Juliette. |
| 245 ## - TITLE STATEMENT | |
| Title | Miracle foods for kids : |
| 245 ## - TITLE STATEMENT | |
| Remainder of title | 25 super-nutritious foods to keep your children in great health / |
| 245 ## - TITLE STATEMENT | |
| Statement of responsibility, etc | Juliette Kellow; recipes by Sunil Vijayakan. |
| 260 ## - PUBLICATION, DISTRIBUTION, ETC. (IMPRINT) | |
| Place of publication, distribution, etc | Great Britain : |
| 260 ## - PUBLICATION, DISTRIBUTION, ETC. (IMPRINT) | |
| Name of publisher, distributor, etc | Octopus Pub. Group Ltd, |
| 260 ## - PUBLICATION, DISTRIBUTION, ETC. (IMPRINT) | |
| Date of publication, distribution, etc | 2006 |
| 300 ## - PHYSICAL DESCRIPTION | |
| Extent | 128 pages : |
| 300 ## - PHYSICAL DESCRIPTION | |
| Other physical details | color illustrations ; |
| 300 ## - PHYSICAL DESCRIPTION | |
| Dimensions | 26 cm. |
| 500 ## - GENERAL NOTE | |
| General note | Includes index. |
| Withdrawn status | Lost status | Damaged status | Home library | Current library | Shelving location | Date acquired | Total Checkouts | Full call number | Barcode | Date last seen | Price effective from | Koha item type |
|---|---|---|---|---|---|---|---|---|---|---|---|---|
| South Mansfield College | South Mansfield College | 01/10/2008 | CUL RM 219 .K45 2006 | SMC03978 | 08/19/2016 | 08/19/2016 |